000 01197nam0a22003131 4500
001 v19\rc\1485858
005 20250618195833.0
035 _a(NLR Aleph) 004686739
090 _a3880775
_c3880775
100 _a20060620d1892 |||y0rusy50 ca
101 0 _arus
102 _aRU
105 _ay z |||||
200 1 _aПисьмоводство строевого офицера и подпрапорщика
_fСост. адъютант Учеб. пешей арт. батареи штабс-кап. Гоффман
205 _a5-е изд., соверш. перераб. И. Защук
210 _aСанкт-Петербург
_cВ.А. Березовский
_d1892
215 _aVI, 264 с.
_d21
700 1 _aГоффман
_bГ.Э.
_f1850-
_gГенрих Эрнестович
_4220
702 1 _4570
_7ca
_8rus
_aЗащук
_bИ. И.
_f1845-1918
_gИосиф Иосифович
_9210938
_3RU\NLR\AUTH\770210994
790 0 _9z01702
_aИ.З.
_f1845-
801 0 _aRU
_bNLR
_gpsbo
801 0 _aRU
_bRuMoRGB
_2psbo
801 1 _aRU
_bProSoft-M
_2rusmarc
852 _aNLR
_j18.175.6.56
899 _aRuMoRGB
_jA 249/16
899 _aRuMoRGB
_jΔ 363/124
899 _aБАН
942 _cBOOK
980 _aNB